Wrecking Ball - Miley Cyrus - All Lyrics - Statistics

General Stats
  • This quiz has been taken 378 times
  • The average score is 277 of 335
Answer Stats
Answer % Correct
I
100%
A
99%
a
99%
in
99%
ball
97%
came
97%
like
97%
wreck
97%
wrecking
97%
you
97%
you,
97%
never
94%
ever
92%
love
92%
me
92%
want
92%
win
92%
Yeah,
91%
We
89%
we
89%
your
89%
to
88%
All
87%
did
87%
was
87%
always
85%
just
85%
so
85%
will
85%
hard
84%
Don't
83%
away
82%
break
82%
my
82%
no
82%
say
82%
wanted
82%
on
79%
walked
78%
why
78%
fell
76%
for
76%
And
74%
and
74%
life
74%
could
73%
asking
72%
walls
72%
one
71%
deny
70%
under
70%
hit
69%
running
69%
spell
69%
can't
68%
let
68%
the
66%
our
65%
hearts
64%
you're
64%
lie,
63%
meant
62%
kissed,
61%
live
61%
war
61%
start
60%
now,
56%
of
54%
jumped,
53%
not
53%
vain
53%
down
52%
up
51%
It
49%
we're
49%
chained
48%
ground
47%
coming
46%
fall
46%
sky
46%
eyes
45%
clawed,
44%
guess
44%
high
44%
should've
44%
closed
42%
force
38%
ashes
37%
instead
37%
using
36%
burn
34%
put
31%
slowly
31%
crashing
27%
turned,
26%
blazing
25%
swung
24%
Left
21%
No matching quizzes found
Score Distribution
Percent of People with Each Score
Percentile by Number Answered
Your Score History
You have not taken this quiz